000 004630000a22001810004500
003 MACL
005 20151010114111.0
008 151010b xxu||||| |||| 00| 0 eng d
040 _aMACL
_cMACL
041 _aEnglish
082 _a920
100 _aNandurkar, G.M.
_914261
245 _aThe Commemorative Volume
_bVol 1
260 _bSardar Vallabhbhai Patel Smarak Bhavan
_c1974
_aAhmedabad
350 _a25
650 _aBiography
_914262
942 _cBK
_k920
_2ddc
999 _c6801
_d6801